Normal view
MARC view
- Kreith, Frank
Entry Personal Name
001 - CONTROL NUMBER
- control field: 2950
003 - CONTROL NUMBER IDENTIFIER
- control field: OSt
005 - DATE AND TIME OF LATEST TRANSACTION
- control field: 20180302114810.0
008 - FIXED-LENGTH DATA ELEMENTS
- fixed length control field: 180302|| aca||aabn | a|a d
040 ## - CATALOGING SOURCE
- Original cataloging agency: OSt
- Transcribing agency: OSt
100 ## - HEADING--PERSONAL NAME
- Personal name: Kreith, Frank
670 ## - SOURCE DATA FOUND
- Source citation: Work cat.: (OSt): GOSWAMI, YOGI D 2949, Principles of solar engineering, 2014
